000 00761nam a22002057a 4500
999 _c61821
_d61821
005 20240520162127.0
008 240520s2007 enk||||| |||| 00| 0 eng d
020 _a9781416032564x
041 _aeng
080 _a617.5 S-94
100 _a
_922128
245 _aSurgery of the Liver, Biliary Tract and Pancreas:
_b1-Volume /
_cEditor Leslie H. Blumgart.
250 _a4th Edition
264 _aPhiladepphia :
_bSaunders,
_c2007.
300 _a914 p.:
_bill.;
_c29 cm.
653 _aღვიძლის, სანაღვლე გზების და პანკრეასის ქირურგია
653 _aმედიცინა
700 _aBlumgart, Leslie H.
_eრედაქტორი
_922126
942 _2udc
_cᲬᲘᲒᲜᲘ